000
00301nam a22001337a 4500
008
170907b xxu||||| |||| 00| 0 eng d
020
_a
9780321590046
041
_a
eng
080
_2
10TH
_a
91
100
_a
42
101
_a
GJEO
245
_a
WORLD REGIONAL GEOGRAPHY
_c
JOHNSON,D.L
942
_2
udc
_c
BK
999
_c
26599
_d
26599